Quizzes
Events
Quiz Creation
Community
Videos
Private Events
Remove Ads
Sign In
Join for FREE
Feedback
Dark Mode
Quiz Categories
Sports
Geography
Music
Movies
Television
Just For Fun
Miscellaneous
History
Literature
Language
Science
Gaming
Entertainment
Religion
Holiday
For Kids
Quiz Lab
Recent
Popular Today
Quiz Kudos Today
Editor Picks
Curator Picks
Quizzes by...
Day
Popularity
Type
Ratings
Length
Year
Community
Subscriptions
Recent Discussions
Orange Saloon
Badges
Playlists
Quests
Create
Leaderboards
Showdown
Live 5
Trivia Bingo
Activity
Puzzle Library
Sporcle Events
Private Events
Virtual Trivia
Globe League
Become a Host
Pub Owners
SporcleCon
Opinionation
Our Games
Videos
Blog
Mobile Apps
Partnerships
Remove Ads and Go Orange
Feedback
Geography
Country
Landmarks
City
State
Population
World
Capital
Continent
Flags
Europe
Africa
Asia
South America
North America
Oceania
Border
Canada
United Kingdom
Topography
United States
Geography
Country
Landmarks
City
State
Population
World
Capital
Continent
Flags
Europe
Africa
Asia
South America
North America
Oceania
Border
Canada
United Kingdom
Topography
United States
Random Quiz
Search Sporcle
×
Quiz Lab
Quiz Lab
Geography
Letter
Type in answers that appear in a list
Type in answers that appear in a list
Classic
Best Score? Go Orange.
Country Capital Length Stats
Can you name the Countries that have the same amount of letters as their Capitals?
By
PlatypusCzar
5m
32 Questions
94 Plays
94 Plays
94 Plays
Comments
Comments
Give Quiz Kudos
Give Quiz Kudos
-
- Ratings
hide this ad
Random Order
Randomize order of answers
Randomize order of answers
Replay
Link that replays current quiz
Next Quiz
Link to next quiz in quiz playlist
You Got
0%
They Got
Avg Score
59%
Avg Friend Score
Upgrade to see
Score Distribution
Jump to the score distribution portion of the page
Score
0/32
Timer
05:00
0
Plays Today
% Correct
North America
Canada => Ottawa
85.1%
Europe
Russia => Moscow
85.1%
South America
Peru => Lima
80.9%
Asia
Japan => Tokyo
80.9%
Europe
Monaco => Monaco
76.6%
Africa
Egypt => Cairo
75.5%
Europe
San Marino => San Marino
72.3%
Europe
Greece => Athens
71.3%
Oceania
Fiji => Suva
70.2%
Europe
Luxembourg => Luxembourg
69.1%
Asia
Singapore => Singapore
69.1%
Europe
Poland => Warsaw
68.1%
Asia
Turkey => Ankara
67%
South America
Paraguay => Asuncion
66%
Africa
Togo => Lome
61.7%
Europe
Estonia => Tallinn
59.6%
% Correct
Oceania
Nauru => Yaren
55.3%
Africa
Djibouti => Djibouti
55.3%
Africa
Ghana => Accra
54.3%
Africa
Angola => Luanda
53.2%
Asia
Taiwan => Taipei
51.1%
Asia
Yemen => Sanaa
51.1%
Africa
Zambia => Lusaka
48.9%
Africa
Rwanda => Kigali
47.9%
Africa
Gambia => Banjul
43.6%
Africa
Botswana => Gaborone
42.6%
Africa
Burkina Faso => Ouagadougou
41.5%
Asia
Georgia => Tbilisi
40.4%
Africa
Mauritania => Nouakchott
37.2%
Africa
Mauritius => Port Louis
35.1%
Africa
Algeria => Algiers
18.1%
Asia
Armenia => Yerevan
13.8%
Quiz Playlist
Details
Report
Send in Message
Add To Playlist
Classic:
Type in answers that appear in a list
Random Order:
Randomize order of answers
Last Updated: Feb 16, 2017
Quiz Scoreboard
CHALLENGE
Sign Up to Join the Scoreboard
Show All
Scores
Hide
Comments
May contain spoilers
Recently Published
College Basketball Coaching Resumes
by pancakes188
Sports
9m
Billboard Blitz: Fleetwood Mac
by CooCooCachoo
Music
15s
Presidents Visiting Landmarks
by Hejman
History
7m
More to Explore
Quiz From the Vault
Featured Blog Post
Where Did the Easter Bunny Come From?
hide this ad
You Might Also Like...
Tags
Capital Quiz
Country Quiz
Letter Quiz
amount
length
same
Today's Top Quizzes in Geography
Browse Geography
hide this ad
Today's Top Quizzes in Letter
Browse Letter
Top Contributed Quizzes in Geography
1
Countries of the World - No Outlines Minefield
2
Top 25 Cities of France on a map
3
Any capital of a 'B' country per Continent
4
Any capital of a 'C' country per Continent
5
Closest Countries to UK A-Z
6
Any capital of a 'D' country per Continent
7
5-to-1: US Geography No Hints
8
Any capital of an 'E' country per Continent
9
Click the Alabama Counties! (Map)
10
One Thing in Common: United Kingdom
Explore More
Trending Topics
NBA
Crossword
Marvel
Harry Potter
Anime
Kpop
Disney
Country
Soccer
Puzzle
WWE
Pokémon
The Office
NFL
Song
hide this ad
More By:
PlatypusCzar
Quiz
Plays
Rating
Category
Featured
Created
Vowel Countries
342
3.09
Geography
Oct 12, 2010
Country Capital Length
94
4.00
Geography
Oct 12, 2010
Go to Creator's Profile
Score Distribution
Quiz Creator Spotlight
PlatypusCzar
Follow
Send a Message
Quizzes Created
-
Created Quiz Play Count
-
More By This Creator
Popular Quizzes Today
1
Find the US States - No Outlines Minefield
2
Find the Countries of Europe - No Outlines Minefield
3
The Countries of the World
4
Find the US States
5
Risky Map Clicking: Biggest States A-Z
6
US States
7
Popular People in 1961
8
Movies - When Are They Set?
More Geography Quizzes
Find the Star: Asian Capitals II
Published
Trending Quizzes
Risky Map Clicking: Least Populous States A-Z
1-10 Letter G Words
1-10 Letter F Words
Risky Map Clicking: Next State Alphabetically
Risky Map Clicking: Biggest States A-Z
Recently Updated
Leaping Animals
pecheneg
Reality TV Shows (A-Z)
bhenderson79
Rickey Henderson's Hall of Fame Teammates
pecheneg
Champions League XIs: Arsenal
pecheneg
Quick Pick: Celebrities in WWE's Hall of Fame
aduchscher
A-Z Keypad Blitz II
pecheneg
Multiple Oscar Actors
pecheneg
Mystery Phrase Blitz: Oscar 'Best Actors'
pecheneg
F. Scott Fitzgerald Novels
LTH
Pick 3 Villains
ddd62291
Trending Topics
Marvel
Anime
Crossword
Kpop
Harry Potter
NBA
Disney
Soccer
Song
NFL
WWE
Country
Pokémon
Puzzle
The Office
Your Account Isn't Verified!
In order to create a playlist on Sporcle, you need to verify the email address you used during registration. Go to your
Sporcle Settings
to finish the process.
Report this User
Report this user for behavior that violates our
Community Guidelines
.
Details:
Send Report
Go to the Sporcle.com Mobile Site →
Comments